000 00352nam a2200157Ia 4500
003 Ost
005 20260225132548.0
008 260225s9999||||xx |||||||||||||| ||und||
040 _cfsic
041 _afre
082 _a440
100 _aMohamed chérif
_eAuteur
245 0 _aDecoloniser l'histoire /
245 0 _cMohamed chérif
942 _cكتاب
999 _c33991
_d33991